| 000 | 01090cam a22002771 4500 | ||
|---|---|---|---|
| 001 | e 54000036 | ||
| 003 | DLC | ||
| 005 | 20260227111235.0 | ||
| 008 | 790412s1954 dcua b f000 0 eng c | ||
| 010 | _ae 54000036 | ||
| 035 | _a(OCoLC)4851477 | ||
| 040 |
_aU.S. Office of Education. Library _cICharE _dDLC |
||
| 042 | _apremarc | ||
| 043 | _an-us--- | ||
| 050 | 0 | 0 |
_aLB3325.M8 _bT3 |
| 082 | _a371.62 | ||
| 100 | 1 | _aTaylor, James L. | |
| 245 | 1 | 0 |
_aPlanning and designing the multipurpose room in elementary schools; _bits meaning, characteristics, and uses as reflected in survey reports from all States, Hawaii, and Alaska. |
| 260 |
_a[Washington] _bU.S. Dept. of Health, Education, and Welfare, Office of Education _c[1954] |
||
| 300 |
_avi, 48 p. _billus., diagrs. _c20 x 26 cm. |
||
| 410 | 1 | 0 |
_aUnited States. _bOffice of Education. _tSpecial publication, _vno. 3 |
| 504 | _aBibliography: p. 47-48. | ||
| 650 | 0 |
_aSchool buildings _zUnited States. |
|
| 740 | 0 | _aDesigning the multipurpose room in elementary schools. | |
| 740 | 4 | _aThe multipurpose room in elementary schools. | |
| 999 |
_c22224 _d22224 |
||